000 00390cam a2200181 4500
001 D14041
008 090401t1948 xxu||||| |||| 00| 0 eng d
035 _a(Sirsi) u13117
041 _aeng
100 _aThomas, W.Norman
245 _aSurveying
250 _a4th
260 _aLondon
_bEdward Arnold
_c1948
350 _a0
520 _aShelf 136
942 _n0
948 _c04/03/1997
999 _c87060
_d87060